Barcelona del sextete - Estadísticas

Estadísticas generales
  • Esta prueba ha sido intentada 490 veces
  • La puntuación promedio es 11 de 16
Estadísticas de respuestas
Hint Respuesta % Correcto
Delantero Lionel Messi
99%
Medio centro Andrés Iniesta
97%
Defensa Gerard Piqué
97%
Defensa Carles Puyol
96%
Portero Víctor Valdés
96%
Medio centro Sergio Busquets
90%
Defensa Dani Alves
80%
Medio centro Xavi Hernández
79%
Defensa Eric Abidal
75%
Delantero Thierry Henry
74%
Medio centro Yaya Touré
49%
Defensa Rafa Márquez
46%
Medio centro Seydou Keita
35%
Delantero Pedro Eliezer Rodríguez
30%
Delantero Zlatan Ibrahimovic
29%
Defensa Maxwell Scherrer Cabelino
1%
No se encontraron pruebas coincidentes
Distribución de puntuación
Porcentaje de gente con cada puntuación
Porcentaje por número respondido
Historial de tus puntuaciones
No has intentado esta prueba.